United in Diversity. Labor Markets in the CEE Countries

Ponukové faktory trhu práce v Českej republike, Maďarsku, Poľsku a na Slovensku. Štrukturálne rozdiely v rámci krajín Vyšehradskej štvorky. Jednoduchý rovnovážny modelový rámec pre stredoeurópsku ekonomiku. Účinky populačných šokov a efektívnosť trhu práce.

Salvato in:
Dettagli Bibliografici
Autore principale: Benčík, Michal
Natura: Capitolo di libro
Lingua:inglese
Soggetti:
Tags: Aggiungi Tag
Nessun Tag, puoi essere il primo ad aggiungerne!!

MARC

LEADER 00000naa a2200000 4500
001 0287681
005 20220912093131.5
041 0 |a eng 
044 |a SK 
245 1 0 |a United in Diversity. Labor Markets in the CEE Countries  |c Michal Benčík 
520 |a Ponukové faktory trhu práce v Českej republike, Maďarsku, Poľsku a na Slovensku. Štrukturálne rozdiely v rámci krajín Vyšehradskej štvorky. Jednoduchý rovnovážny modelový rámec pre stredoeurópsku ekonomiku. Účinky populačných šokov a efektívnosť trhu práce. 
610 2 0 |a trh práce 
610 2 0 |a miera nezamestnanosti 
610 2 0 |a mzdy reálne 
610 2 0 |a kapitál základný 
610 2 0 |a modely 
610 2 0 |a Vyšehradská štvorka 
610 2 0 |a Česko 
610 2 0 |a Maďarsko 
610 2 0 |a Poľsko 
610 2 0 |a Slovensko 
100 1 |a Benčík, Michal